| 000 | 01624nam a22004097a 4500 | ||
|---|---|---|---|
| 003 | CHAP | ||
| 005 | 20220329143935.0 | ||
| 008 | 121005s2012 mx r 00010 spa d | ||
| 010 | _a104032 | ||
| 011 | _a105004 | ||
| 035 | _a115695 | ||
| 040 | _cCHAP | ||
| 090 | _aTesis | ||
| 100 | 1 |
_aReyes González, Carlos Efraín. _996846 |
|
| 245 | 1 | 0 |
_aDinámica nutrimental y rendimiento de pepino en sistemas hidropónicos con recirculación de la solución nutritiva _h[En línea] _c/por Carlos Efraín Reyes González |
| 260 |
_aChapingo, Méx. : _bEl autor, _c2012 |
||
| 500 | _aPara ver el contenido del material haga clic en la liga | ||
| 502 | _aTesis (M.C. en Horticultura) -- UACH. Departamento de Fitotecnia | ||
| 590 |
_aALEPH _b10 _c20130110 _lUCH01 _h1547 |
||
| 590 |
_aBATCH-UPD _b10 _c20130110 _lUCH01 _h0252 |
||
| 590 |
_aBATCH-UPD _b10 _c20130110 _lUCH01 _h0403 |
||
| 590 |
_aBATCH-UPD _b10 _c20130110 _lUCH01 _h0403 |
||
| 590 |
_aBATCH-UPD _b10 _c20130409 _lUCH01 _h2232 |
||
| 590 |
_aBATCH-UPD _b10 _c20130914 _lUCH01 _h0012 |
||
| 590 |
_aBATCH-UPD _b10 _c20130914 _lUCH01 _h0012 |
||
| 590 |
_aBATCH-UPD _b10 _c20140324 _lUCH01 _h1534 |
||
| 590 |
_aBATCH-UPD _b10 _c20141002 _lUCH01 _h0855 |
||
| 590 |
_aCONVERSION _b10 _c20130109 _lUCH01 _h1357 |
||
| 650 | 1 | 4 |
_aHidroponía. _955280 |
| 650 | 1 | 4 |
_aPepino _xMejoramiento. _986914 |
| 650 | 1 | 4 |
_aPepino _xRendimiento. _986928 |
| 856 |
_3Finding aid _uhttp://10.13.5.2/tesis/115695.pdf _zTeclea aqui |
||
| 901 | _aBK | ||
| 942 | _cFOLL | ||
| 949 |
_aTesis _bBC _cTES _d33724002350066 _eTS1 _h54129 _i115695 _st |
||
| 949 |
_aTesis _bBC _cTES _d33724002350108 _eTS2 _fc.2 _h54130 _i115695 _st |
||
| 999 |
_c104032 _d104032 |
||